Autumn brings a fall in house prices (Record no. 118027)
[ view plain ]
| 000 -LEADER | |
|---|---|
| fixed length control field | 01260cam a2200217 4500 |
| 001 - CONTROL NUMBER | |
| control field | WB@3612-459 |
| 008 - FIXED-LENGTH DATA ELEMENTS--GENERAL INFORMATION | |
| fixed length control field | 040922n2004 000 0 eng u |
| 035 ## - SYSTEM CONTROL NUMBER | |
| System control number | (Sirsi) u127474 |
| 245 ## - TITLE STATEMENT | |
| Title | Autumn brings a fall in house prices |
| 260 ## - PUBLICATION, DISTRIBUTION, ETC. | |
| Date of publication, distribution, etc. | 2004 |
| 490 ## - SERIES STATEMENT | |
| Series statement | RICS Press Release |
| Volume/sequential designation | (pr084) 21 September 2004 (2) |
| 520 ## - SUMMARY, ETC. | |
| Summary, etc. | According to the "RICS housing market survey Great Britain: August 2004", an overall decline in house prices has been recorded for the first time in over a year. This follows a run of three interest rate rises and implies that prospective buyers are taking heed of rising borrowing costs. London, south- east England and the eastern regions have reported the biggest falls while prices continue to steadily rise in Scotland and north- east England. The full survey is available from the RICS website: http://www.rics.org/NR/rdonlyres/9E34BE51-DC98-465 5-8B4B-655EF67D64B1/0/HMSaug04public.pdf. http://www.rics.org/Property/Propertymarket/autumn +brings+a+fall+in+house+prices.htm?WBCMODE=Present ationUnpublished |
| 590 ## - LOCAL NOTE (RLIN) | |
| Local note | WB |
| 590 ## - LOCAL NOTE (RLIN) | |
| Local note | WB |
| 650 ## - SUBJECT ADDED ENTRY--TOPICAL TERM | |
| Topical term or geographic name entry element | HOUSE PRICE SURVEYS |
| 650 ## - SUBJECT ADDED ENTRY--TOPICAL TERM | |
| Topical term or geographic name entry element | INTEREST RATES |
| 650 ## - SUBJECT ADDED ENTRY--TOPICAL TERM | |
| Topical term or geographic name entry element | PROPERTY PRICES |
| 650 ## - SUBJECT ADDED ENTRY--TOPICAL TERM | |
| Topical term or geographic name entry element | HOUSING SURVEYS |
| 690 ## - LOCAL SUBJECT ADDED ENTRY--TOPICAL TERM (OCLC, RLIN) | |
| Topical term or geographic name as entry element | HOUSING-HOUSE PRICES |
| 942 ## - ADDED ENTRY ELEMENTS (KOHA) | |
| Suppress in OPAC | 0 |
| Withdrawn status | Lost status | Source of classification or shelving scheme | Damaged status | Not for loan | Home library | Current library | Shelving location | Date acquired | Total Checkouts | Full call number | Barcode | Date last seen | Copy number | Price effective from | Koha item type |
|---|---|---|---|---|---|---|---|---|---|---|---|---|---|---|---|
| Dewey Decimal Classification | London | London | News article | 22/09/2004 | WB4036-06 | 127474-1001 | 06/08/2019 | 1 | 06/08/2019 | News article |